000 00668aam a2200265 4500
005 20260306165050.0
008 150408b2009 xxu||||| |||| 00| 0 spa d
020 _a9788466217217
041 _aESP
082 _a364.131 SA211h
100 _aSanchez Pacheco, Felicidad
_956763
245 _aLa historia del espionaje espias, tacticas y tecnicas
260 _aEspaña
260 _bLIBSA
260 _c2009
300 _a192 páginas
490 _aInvestigación Criminal
650 _aESPIONAJE
650 _aESPIAS
650 _aHISTORIA
650 _aSERVICIOS SECRETOS BRITANICOS
650 _aGUERRA FRIA
650 _aNAZIS
942 _cBK
_2ddc
999 _c12455
_d12455